La política, la economía y el hombre (Registro nro. 5266)

Detalles MARC
000 -LEADER
fixed length control field 01005 a2200205 4500
001 - CONTROL NUMBER
control field 53851
005 - DATE AND TIME OF LATEST TRANSACTION
control field 20260407155809.0
008 - FIXED-LENGTH DATA ELEMENTS--GENERAL INFORMATION
fixed length control field 260407a1999 arg spa d
003 - CONTROL NUMBER IDENTIFIER
control field AR-UNSa-BCEJYS
040 ## - CATALOGING SOURCE
Original cataloging agency AR-UNSa-BCEJYS
Language of cataloging spa
Transcribing agency AR-UNSa-BCEJYS
080 ## - UNIVERSAL DECIMAL CLASSIFICATION NUMBER
Universal Decimal Classification number 330(8)
Common auxiliary subdivision Economía de América del Sur. Estados y Regiones de América del Sur.<br/>América Latina. Iberoamérica<br/>
020 ## - INTERNATIONAL STANDARD BOOK NUMBER
International Standard Book Number 950-33-0220-X
100 1# - MAIN ENTRY--PERSONAL NAME
Personal name Di Marco, Luis Eugenio
245 10 - TITLE STATEMENT
Title La política, la economía y el hombre
Name of part/section of a work Fundamentos para construir una sociedad antropocéntrica
264 #1 - PRODUCTION, PUBLICATION, DISTRIBUTION, MANUFACTURE, AND COPYRIGHT NOTICE
Place of production, publication, distribution, manufacture Córdoba :
Name of producer, publisher, distributor, manufacturer Universidad Nacional de Córdoba
Date of production, publication, distribution, manufacture, or copyright notice 1999
300 ## - PHYSICAL DESCRIPTION
Extent 175 p.,
Dimensions 23 cm.
505 ## - FORMATTED CONTENTS NOTE
Formatted contents note 1. Bases para una economía antropocéntrica - 2. El papel del Municipio en un mundo cambiante - 3. El mercosur y la integración regional - 4. Temas de política económica y social -5. Globalización y pobreza en américa Latina - 6. Economía solidaria y equilibrio ecológico
590 ## - LOCAL NOTE (RLIN)
Local note niveau_biblio:m niveau_hierar:0
942 ## - ADDED ENTRY ELEMENTS (KOHA)
Koha item type
Existencias
Withdrawn status Lost status Damaged status Not for loan Home library Current library Shelving location Date acquired Total checkouts Full call number Barcode Date last seen Price effective from Koha item type
        Biblioteca Prof. Eusebio Cleto del Rey Biblioteca Prof. Eusebio Cleto del Rey   07/04/2026   330(8) D536 L86368 07/04/2026 07/04/2026 Libro